000 00481nam a2200133Ia 4500
008 100328s9999 xx 000 0 und d
082 _b67783
100 _aघाटे निरंजन.
245 _aअमेरिकन चित्रपटसृष्टी.
260 _bप्राजक्त.
630 _aअमेरिकन चित्रपटसृष्टी.
730 _aअमेरिकन चित्रपटसृष्टी.
942 _cBOOK
999 _c553522
_d553519